Top 4 in Northern Irish Football 1890-2025 - Statistics

General Stats
  • This quiz has been taken 24 times
  • The average score is 11 of 22
Answer Stats
# Answer % Correct
109 Linfield
90%
89 Glentoran
81%
9 Larne
81%
25 Crusaders
76%
13 Ballymena United
71%
34 Coleraine
71%
29 Glenavon
71%
35 Cliftonville
67%
31 Belfast Celtic
57%
31 Celtic
57%
32 Portadown
57%
15 Ards
52%
13 Derry City
52%
3 Dungannon Swifts
48%
40 Distillery
43%
40 Lisburn Distillery
43%
4 Newry Town
38%
4 Bangor
33%
4 Queen's Island
19%
3 Shelbourne
5%
3 Ulster
5%
1 Lancashire Fusiliers
0%
No matching quizzes found
Score Distribution
Percent of People with Each Score
Percentile by Number Answered
Your Score History
You have not taken this quiz